000 00690nam a2200241Ia 4500
003 OSt
005 20220918223141.0
006 a|||||r|||| 00| 0
007 ta
008 220917b |||||||| |||| 00| 0 eng d
024 _a220,591
037 _cTextual
040 _aARTS
_cARTS
_beng
041 _2eng
_aeng
082 _aY15-8v491.N, P3;1
100 _aBrodsky Anne E.
_9144428
245 0 _aWith all our strength
_b The revolutionary association of the women of Asghanistan
260 _aNew York
_bRoutledge
_c2003
300 _a318p.
_ccm.
650 _aSOCIOLOGY
942 _hY15-8v491.N, P3;1
_cTEXL
_2CC
999 _c277602
_d277602